Central Library OPAC University of Rajshahi

Management of local government : (Record no. 49546)

MARC details
000 -LEADER
fixed length control field 00628nam a2200193 a 4500
001 - CONTROL NUMBER
control field 49546
003 - CONTROL NUMBER IDENTIFIER
rucl marc code BD-RjUL
005 - DATE AND TIME OF LATEST TRANSACTION
control field 20211209054707.0
008 - FIXED-LENGTH DATA ELEMENTS--GENERAL INFORMATION
fixed length control field 160821s1967 xxu||||| |||| 00| 0 eng d
035 ## - SYSTEM CONTROL NUMBER
System control number (BD-RjUL) 49665
040 ## - CATALOGING SOURCE
Original cataloging agency BD-RjUL
Language of cataloging eng
Modifying agency BD-RjUL
Transcribing agency BD-RjUL
041 ## - LANGUAGE CODE
Language code of text/sound track or separate title eng
082 ## - DEWEY DECIMAL CLASSIFICATION NUMBER
Edition number 23
Classification number 352.0942
Author mark and year MAN 1968
245 ## - TITLE STATEMENT
Title Management of local government :
Remainder of title the Maud Committee report
Statement of responsibility, etc. John Primatt Redcliffe Maud Redcliffe-Maud, Baron
260 ## - PUBLICATION, DISTRIBUTION, ETC. (IMPRINT)
Place of publication, distribution, etc. London :
Name of publisher, distributor, etc. Royal Institute of Public Administration,
Date of publication, distribution, etc. 1968
300 ## - PHYSICAL DESCRIPTION
Pagination 69 p. ;
Size 19 cm.
650 ## - SUBJECT ADDED ENTRY--TOPICAL TERM
Topical term or geographic name as entry element Local government
Geographic subdivision Great Britain.
9 (RLIN) 142173
942 ## - ADDED ENTRY ELEMENTS (KOHA)
Source of classification or shelving scheme Dewey Decimal Classification
Koha item type Books
Holdings
Lost status Source of classification or shelving scheme Damaged status Not for loan Collection code Permanent Location Current Location Shelving location Date acquired Total Checkouts Full call number Date last seen Copy number Koha item type Source of acquisition
  Dewey Decimal Classification     Non-fiction Central Library, University of Rajshahi Central Library, University of Rajshahi   22/09/2002   352.0942 MAN 1968 21/08/2016 C-2 Books  
  Dewey Decimal Classification     Non-fiction Central Library, University of Rajshahi Central Library, University of Rajshahi   22/09/2002   352.0942 MAN 1968 22/12/2016 C-3 Books India Int. Calcutta